| 000 | 00315 a2200085 4500 | ||
|---|---|---|---|
| 100 | 1 |
_aSwoboda, G.. _eAutor |
|
| 245 | 0 |
_aDie Planung von Fernwirkanlagen : _bLeitfaden fuer alle Anwendungsgebiete der Fernwirktechnik / _cSwoboda G.. |
|
| 710 | 2 |
_aOldenbourg. _eWydawca _4pbl |
|
| 260 |
_aMuenchen : _bOldenbourg, _c1967. |
||
| 300 |
_a362 s.; _c25 cm. |
||
| 999 |
_c12088 _d12088 |
||